000 00640cam a2200241 4500
001 L155567
008 000000n1993 000 0 eng u
020 _a0900417234
035 _a(Sirsi) u155567
041 _aeng
050 _a692.5
245 _aGriffiths complete building price book 1993
250 _a39th ed.
260 _aBournemouth
_bGlenigan Cost Information Services
_c1993
300 _a780p
350 _a85
650 _aBUILT ENVIRONMENT-BUILDING COSTS
650 _aESTIMATING
650 _aBUILDING PRICE BOOKS
651 4 _aENGLAND AND WALES
690 _aBUILT ENVIRONMENT-BUILDING COSTS
942 _n0
999 _c113666
_d113666